Nociones sobre nivel de vida familiar, asignaciones y beneficios familiares
Furkejuvvon:
| Váldodahkki: | |
|---|---|
| Materiálatiipa: | Texto |
| Almmustuhtton: |
San José:
Caja Costarricense de Seguro Social
|
| Fáddágilkorat: |
Lasit fáddágilkoriid
Eai fáddágilkorat, Lasit vuosttaš fáddágilkora!
|
MARC
| LEADER | 00000 a a2200000 04500 | ||
|---|---|---|---|
| 001 | 17575 | ||
| 003 | |||
| 040 | |||
| 090 | |a EXTRAVIADO | ||
| 100 | |a Víquez Núñez, Alvaro | ||
| 245 | |a Nociones sobre nivel de vida familiar, asignaciones y beneficios familiares | ||
| 260 | |a San José: |b Caja Costarricense de Seguro Social | ||
| 300 | |a 44 p. | ||
| 999 | |c 13971 |d 13971 | ||
